| 000 | 00736nam a22001937a 4500 | ||
|---|---|---|---|
| 999 |
_c176293 _d176293 |
||
| 005 | 20201230151136.0 | ||
| 010 | _aUR-10962 | ||
| 020 |
_c241.00 _a9789389733228 |
||
| 035 | _aU-9517 | ||
| 037 | _bDBAD/PUB | ||
| 082 | _a840.08 | ||
| 100 | _aا حمد خلفا ن ا لمنصو ر | ||
| 245 |
_aرو ا د ار ی؛ ا یک تقا بلی مطا لعہ _cا حمد خلفا ن ا لمنصو ر |
||
| 246 |
_bRawadari:Ek Taqabuli Mutala (Urdu) _aAhmed Khalfan Almansoor |
||
| 260 |
_aN.Delhi _bEducational Publishing House _c2019 ء |
||
| 270 |
_aH.O.D1/16,Ansari Road,Darya ganj, _bN.Delhi _e110002 _k45678285,23216162 _l0091-11-23211540 |
||
| 300 |
_a416 ص _c22 Cm(Hb) |
||
| 942 |
_2ddc _cUR _h840.08 _mا ح م |
||